|
|
|
|
| LEADER |
00000nam a2200000 i 4500 |
| 001 |
1/50649 |
| 008 |
070806s2004 eng d |
| 020 |
|
|
|a 0-08-044429-6
|
| 035 |
|
|
|l 10089511
|
| 040 |
|
|
|a GR-MY-UA
|b gre
|e aacr
|
| 041 |
0 |
|
|a eng
|
| 082 |
0 |
|
|a 620.00452
|2 (22)
|
| 100 |
1 |
|
|a Kolowrocki, Krzysztof.
|
| 245 |
1 |
0 |
|a Reliability of large systems /
|c Krzysztof Kolowrocki
|
| 260 |
|
|
|a Amsterdam; Boston :
|b Elsevier,
|c 2004
|
| 300 |
|
|
|a xxx, 328σ.;
|b σχ. πιν.;
|c 25 εκ.
|
| 504 |
|
|
|a Βιβλιογραφία: σ. 315-321. Ευρετήριο.
|
| 650 |
0 |
0 |
|a System safety.
|
| 650 |
0 |
0 |
|a System theory.
|
| 650 |
0 |
0 |
|a System analysis.
|
| 852 |
|
|
|a INST
|b CHIOS
|e 20070806
|h 620.00452 KOL
|p 005200025658
|q 005200025658
|t BK
|y 0
|
| 901 |
|
|
|a BIBL2-2007-2
|
| 909 |
|
|
|a Χ
|b 137245
|
| 922 |
|
|
|a 2ΕΛΗ
|b 200707
|c ΕΠΕΑΕΚ2 /ΤΜΟΔ
|d ΕΛΕΥΘΕΡΟΥΔΑΚΗΣ
|
| 970 |
|
|
|a Ατσάλη
|b Δέσποινα
|z 2007/08/06
|